[Event "13e open internationnal de Sautron"]
[Site "Sautron"]
[Date "2013.10.29"]
[Round "5.8"]
[White "Trouve, Guillaume"]
[Black "Terrieux, Kevin"]
[Result "0-1"]
[LiveChessVersion "1.4.2"]
[BlackElo "2415"]
[WhiteElo "1888"]

1. e4 {[%clk 1:30:59]} e5 {[%clk 1:30:51]} 2. Nf3 {[%clk 1:31:22]} Nc6
{[%clk 1:31:16]} 3. Bb5 {[%clk 1:31:34]} a6 {[%clk 1:31:33]} 4. Ba4
{[%clk 1:31:56]} d6 {[%clk 1:31:49]} 5. c3 {[%clk 1:28:35]} f5 {[%clk 1:31:58]}
6. d3 {[%clk 1:27:42]} Nf6 {[%clk 1:28:00]} 7. Qe2 {[%clk 1:25:06]} fxe4
{[%clk 1:25:06]} 8. dxe4 {[%clk 1:25:11]} Be7 {[%clk 1:24:55]} 9. h3
{[%clk 1:19:18]} b5 {[%clk 1:15:49]} 10. Bc2 {[%clk 1:16:45]} Be6
{[%clk 1:06:19]} 11. Nbd2 {[%clk 1:10:55]} Nd7 {[%clk 1:04:56]} 12. Nf1
{[%clk 1:08:29]} O-O {[%clk 1:02:49]} 13. Ng3 {[%clk 1:05:33]} Kh8
{[%clk 0:59:57]} 14. Be3 {[%clk 1:02:33]} Na5 {[%clk 0:55:03]} 15. b3
{[%clk 1:00:23]} Qe8 {[%clk 0:48:25]} 16. Ng5 {[%clk 0:53:42]} Bxg5
{[%clk 0:46:01]} 17. Bxg5 {[%clk 0:53:46]} Nb7 {[%clk 0:45:12]} 18. Nf5
{[%clk 0:32:14]} Nbc5 {[%clk 0:39:11]} 19. f3 {[%clk 0:24:30]} Nf6
{[%clk 0:34:14]} 20. g4 {[%clk 0:20:41]} Bd7 {[%clk 0:25:56]} 21. h4
{[%clk 0:17:37]} Ne6 {[%clk 0:25:14]} 22. Be3 {[%clk 0:13:56]} Nf4
{[%clk 0:24:35]} 23. Bxf4 {[%clk 0:10:52]} exf4 {[%clk 0:24:44]} 24. Qd2
{[%clk 0:10:56]} Bxf5 {[%clk 0:23:50]} 25. gxf5 {[%clk 0:11:15]} Qe5
{[%clk 0:20:49]} 26. O-O-O {[%clk 0:10:21]} a5 {[%clk 0:20:16]} 27. h5
{[%clk 0:09:04]} b4 {[%clk 0:20:16]} 28. c4 {[%clk 0:08:27]} h6 {[%clk 0:16:18]}
29. Rh4 {[%clk 0:06:36]} a4 {[%clk 0:16:18]} 30. Qd4 {[%clk 0:05:30]} axb3
{[%clk 0:15:29]} 31. Bxb3 {[%clk 0:05:41]} c5 {[%clk 0:11:30]} 32. Qb2
{[%clk 0:04:26]} Ra6 {[%clk 0:10:19]} 33. Kb1 {[%clk 0:03:54]} Rfa8
{[%clk 0:06:14]} 34. Rd3 {[%clk 0:03:11]} Nd7 {[%clk 0:05:14]} 35. Qd2
{[%clk 0:03:00]} Qf6 {[%clk 0:05:10]} 36. Rh3 {[%clk 0:01:26]} Ne5
{[%clk 0:04:44]} 37. Rd5 {[%clk 0:01:49]} Qg5 {[%clk 0:04:41]} 38. Rxd6
{[%clk 0:00:45]} Rxd6 {[%clk 0:04:32]} 39. Qxd6 {[%clk 0:01:12]} Qg1+
{[%clk 0:01:38]} 40. Qd1 {[%clk 0:30:38]} Qxd1+ {[%clk 0:30:57]} 41. Bxd1
{[%clk 0:29:34]} Nxc4 {[%clk 0:31:06]} 42. Be2 {[%clk 0:26:16]} Nd2+
{[%clk 0:27:31]} 43. Kc1 {[%clk 0:09:11]} Rxa2 {[%clk 0:27:16]} 44. Bd3
{[%clk 0:08:54]} c4 {[%clk 0:21:45]} 45. Bc2 {[%clk 0:05:22]} b3 {[%clk 0:20:30]}
46. Bb1 {[%clk 0:03:30]} Nxb1 {[%clk 0:20:52]} 47. Kxb1 {[%clk 0:03:58]} c3
{[%clk 0:21:14]} 0-1

[Event "13e open internationnal de Sautron"]
[Site "Sautron"]
[Date "2013.10.29"]
[Round "5.9"]
[White "Letertre, Arnaud"]
[Black "Nguyen, Chi-Minh"]
[Result "1/2-1/2"]
[LiveChessVersion "1.4.2"]
[BlackElo "2389"]
[WhiteElo "1864"]

1. d4 {[%clk 1:30:56]} f5 {[%clk 1:30:50]} 2. Nf3 {[%clk 1:30:15]} Nf6
{[%clk 1:30:56]} 3. e3 {[%clk 1:29:04]} g6 {[%clk 1:30:04]} 4. Bd3
{[%clk 1:25:56]} Bg7 {[%clk 1:29:52]} 5. c4 {[%clk 1:19:21]} O-O {[%clk 1:22:46]}
6. Nc3 {[%clk 1:14:54]} d6 {[%clk 1:18:53]} 7. O-O {[%clk 1:12:29]} Nc6
{[%clk 1:17:32]} 8. e4 {[%clk 1:05:44]} e5 {[%clk 1:08:58]} 9. dxe5
{[%clk 0:54:36]} dxe5 {[%clk 1:07:41]} 10. a3 {[%clk 0:50:00]} f4
{[%clk 1:01:46]} 11. c5 {[%clk 0:42:34]} Kh8 {[%clk 0:49:31]} 12. h3
{[%clk 0:36:58]} Be6 {[%clk 0:46:17]} 13. b4 {[%clk 0:34:40]} a5 {[%clk 0:44:56]}
14. Rb1 {[%clk 0:32:53]} axb4 {[%clk 0:43:59]} 15. axb4 {[%clk 0:30:51]} Qe7
{[%clk 0:44:03]} 16. Qe2 {[%clk 0:20:53]} h6 {[%clk 0:37:49]} 17. Nd5
{[%clk 0:11:30]} Nxd5 {[%clk 0:33:00]} 18. exd5 {[%clk 0:11:53]} Bxd5
{[%clk 0:33:28]} 19. b5 {[%clk 0:11:33]} Bxf3 {[%clk 0:25:37]} 20. Qxf3
{[%clk 0:11:55]} Nd4 {[%clk 0:25:50]} 21. Qxb7 {[%clk 0:09:21]} Qxc5
{[%clk 0:23:01]} 22. Qe4 {[%clk 0:09:12]} Nf5 {[%clk 0:23:03]} 23. Rb4
{[%clk 0:08:13]} Rad8 {[%clk 0:22:22]} 24. Ba3 {[%clk 0:03:47]} Qc3
{[%clk 0:21:59]} 25. Ra4 {[%clk 0:03:13]} Rfe8 {[%clk 0:16:46]} 26. Bc4
{[%clk 0:01:28]} Qd4 {[%clk 0:14:15]} 27. Qc6 {[%clk 0:01:02]} Nd6
{[%clk 0:13:59]} 28. Bb3 {[%clk 0:00:52]} Qd3 {[%clk 0:12:50]} 29. Bd5
{[%clk 0:00:40]} e4 {[%clk 0:10:23]} 30. Bxd6 {[%clk 0:00:49]} cxd6
{[%clk 0:10:50]} 31. Bf7 {[%clk 0:01:04]} Re5 {[%clk 0:10:28]} 32. Ra8
{[%clk 0:01:08]} Rf8 {[%clk 0:10:20]} 33. Bxg6 {[%clk 0:01:11]} Qxb5
{[%clk 0:10:00]} 34. Rxf8+ {[%clk 0:00:42]} Bxf8 {[%clk 0:10:26]} 35. Bxe4
{[%clk 0:01:03]} Qxc6 {[%clk 0:10:14]} 36. Bxc6 {[%clk 0:01:26]} Rc5
{[%clk 0:10:42]} 37. Bf3 {[%clk 0:01:40]} Kg7 {[%clk 0:10:45]} 38. Re1
{[%clk 0:01:26]} Kf6 {[%clk 0:10:58]} 39. Kf1 {[%clk 0:01:20]} d5
{[%clk 0:11:23]} 40. Bg4 {[%clk 0:30:54]} d4 {[%clk 0:41:34]} 41. Re4
{[%clk 0:28:00]} d3 {[%clk 0:41:10]} 42. Ke1 {[%clk 0:27:44]} h5 {[%clk 0:34:06]}
43. Rxf4+ {[%clk 0:23:55]} Ke5 1/2-1/2

[Event "13e open internationnal de Sautron"]
[Site "Sautron"]
[Date "2013.10.29"]
[Round "5.11"]
[White "Lejarre, Ludovic"]
[Black "Bihari, Pascal"]
[Result "1-0"]
[LiveChessVersion "1.4.2"]
[BlackElo "1846"]
[WhiteElo "2371"]

1. e4 {[%clk 1:30:56]} e5 {[%clk 1:30:49]} 2. d4 {[%clk 1:30:11]} exd4
{[%clk 1:31:03]} 3. Qxd4 {[%clk 1:30:35]} Nc6 {[%clk 1:30:59]} 4. Qe3
{[%clk 1:30:57]} Nf6 {[%clk 1:29:38]} 5. Nc3 {[%clk 1:31:16]} Bb4
{[%clk 1:28:04]} 6. Bd2 {[%clk 1:31:39]} O-O {[%clk 1:27:25]} 7. O-O-O
{[%clk 1:31:59]} Re8 {[%clk 1:25:38]} 8. Qg3 {[%clk 1:31:33]} Ne5
{[%clk 1:23:05]} 9. f3 {[%clk 1:28:32]} a6 {[%clk 1:15:36]} 10. h4
{[%clk 1:02:24]} Bd6 {[%clk 1:04:33]} 11. f4 {[%clk 0:55:28]} Nh5
{[%clk 1:01:14]} 12. Qf2 {[%clk 0:47:19]} Ng6 {[%clk 0:54:57]} 13. e5
{[%clk 0:45:22]} Bxe5 {[%clk 0:44:03]} 14. fxe5 {[%clk 0:45:12]} Nxe5
{[%clk 0:43:24]} 15. Be2 {[%clk 0:44:22]} Nf6 {[%clk 0:42:56]} 16. Bg5
{[%clk 0:43:49]} Neg4 {[%clk 0:37:05]} 17. Qg3 {[%clk 0:36:12]} d6
{[%clk 0:32:15]} 18. Bxg4 {[%clk 0:35:50]} 1-0

[Event "13e open internationnal de Sautron"]
[Site "Sautron"]
[Date "2013.10.30"]
[Round "6.1"]
[White "Avrukh, Boris"]
[Black "Terrieux, Kevin"]
[Result "1-0"]
[LiveChessVersion "1.4.2"]
[BlackElo "2415"]
[WhiteElo "2576"]

1. d4 {[%clk 1:30:56]} Nf6 {[%clk 1:30:16]} 2. c4 {[%clk 1:31:19]} c5
{[%clk 1:30:40]} 3. d5 {[%clk 1:31:22]} b5 {[%clk 1:30:56]} 4. cxb5
{[%clk 1:31:04]} a6 {[%clk 1:31:15]} 5. bxa6 {[%clk 1:31:30]} e6 {[%clk 1:31:24]}
6. Nc3 {[%clk 1:27:57]} exd5 {[%clk 1:31:04]} 7. Nxd5 {[%clk 1:27:21]} Bxa6
{[%clk 1:31:12]} 8. Nf3 {[%clk 1:22:57]} Nc6 {[%clk 1:29:12]} 9. e4
{[%clk 1:16:16]} Bxf1 {[%clk 1:28:49]} 10. Kxf1 {[%clk 1:16:26]} Be7
{[%clk 1:27:30]} 11. Nc3 {[%clk 1:07:05]} d6 {[%clk 1:18:19]} 12. g3
{[%clk 1:05:46]} O-O {[%clk 1:14:16]} 13. Kg2 {[%clk 1:06:11]} Qd7
{[%clk 1:12:34]} 14. Re1 {[%clk 1:03:00]} h6 {[%clk 1:08:09]} 15. Bf4
{[%clk 0:55:57]} Nh5 {[%clk 1:03:45]} 16. Be3 {[%clk 0:55:26]} Nf6
{[%clk 1:04:06]} 17. Re2 {[%clk 0:49:35]} Rfd8 {[%clk 1:00:33]} 18. Rc1
{[%clk 0:39:29]} Qe6 {[%clk 0:56:16]} 19. a3 {[%clk 0:28:54]} Rab8
{[%clk 0:46:34]} 20. Qa4 {[%clk 0:23:14]} Rdc8 {[%clk 0:45:59]} 21. Rd1
{[%clk 0:21:49]} Ra8 {[%clk 0:39:08]} 22. Qc2 {[%clk 0:21:58]} Na5
{[%clk 0:38:46]} 23. Bf4 {[%clk 0:18:42]} g5 {[%clk 0:32:39]} 24. e5
{[%clk 0:07:15]} Nh5 25. Bc1 g4 1-0

[Event "13e open internationnal de Sautron"]
[Site "Sautron"]
[Date "2013.10.30"]
[Round "6.3"]
[White "Ginovart, Axel"]
[Black "Kasparov, Sergey"]
[Result "1/2-1/2"]
[LiveChessVersion "1.4.2"]
[BlackElo "2480"]
[WhiteElo "1881"]

1. e4 {[%clk 1:30:56]} e6 {[%clk 1:30:57]} 2. d4 {[%clk 1:31:03]} d5
{[%clk 1:31:22]} 3. Nc3 {[%clk 1:31:23]} dxe4 {[%clk 1:31:44]} 4. Nxe4
{[%clk 1:31:45]} Nd7 {[%clk 1:32:11]} 5. Nf3 {[%clk 1:32:01]} Ngf6
{[%clk 1:32:39]} 6. Nxf6+ {[%clk 1:32:21]} Nxf6 {[%clk 1:33:06]} 7. Bg5
{[%clk 1:32:39]} c5 {[%clk 1:30:48]} 8. Bd3 {[%clk 1:25:16]} Qa5+
{[%clk 1:26:45]} 9. Qd2 {[%clk 1:15:33]} Qxd2+ {[%clk 1:26:07]} 10. Bxd2
{[%clk 1:15:27]} cxd4 {[%clk 1:23:53]} 11. Nxd4 {[%clk 1:14:07]} a6
{[%clk 1:20:23]} 12. O-O {[%clk 1:06:23]} Bd7 {[%clk 1:13:53]} 13. h3
{[%clk 0:58:55]} Be7 {[%clk 1:10:04]} 14. Rfe1 {[%clk 0:56:59]} O-O
{[%clk 1:08:31]} 15. Nf5 {[%clk 0:43:55]} Bc5 {[%clk 1:07:25]} 16. Be3
{[%clk 0:42:50]} Bxe3 {[%clk 1:02:45]} 17. Nxe3 {[%clk 0:43:15]} Rac8
{[%clk 1:01:41]} 18. Rac1 {[%clk 0:33:20]} Rfd8 {[%clk 1:00:34]} 19. Red1
{[%clk 0:28:47]} Kf8 {[%clk 0:55:16]} 20. Kf1 {[%clk 0:20:52]} Bc6
{[%clk 0:50:17]} 21. Ke1 {[%clk 0:18:22]} g5 {[%clk 0:46:42]} 22. Bf1
{[%clk 0:18:27]} Ke7 {[%clk 0:43:01]} 23. Rxd8 {[%clk 0:18:38]} Rxd8
{[%clk 0:43:23]} 24. Rd1 {[%clk 0:18:59]} Rxd1+ {[%clk 0:43:24]} 25. Kxd1
{[%clk 0:19:24]} h5 {[%clk 0:42:02]} 26. Nc4 {[%clk 0:17:51]} Bb5
{[%clk 0:36:37]} 27. Ne3 {[%clk 0:16:59]} Bxf1 {[%clk 0:36:12]} 28. Nxf1
{[%clk 0:17:25]} Kd6 {[%clk 0:36:23]} 29. Nd2 {[%clk 0:17:03]} Ke5
{[%clk 0:31:35]} 30. Ke2 {[%clk 0:16:17]} Nd7 {[%clk 0:27:14]} 31. Ke3
{[%clk 0:14:55]} g4 {[%clk 0:26:34]} 32. hxg4 {[%clk 0:14:45]} hxg4
{[%clk 0:26:44]} 33. c4 {[%clk 0:14:34]} f5 {[%clk 0:26:32]} 34. f4+
{[%clk 0:13:38]} gxf3 {[%clk 0:26:06]} 35. gxf3 {[%clk 0:13:24]} Kd6
{[%clk 0:20:17]} 36. b4 {[%clk 0:11:08]} e5 {[%clk 0:19:53]} 37. a4
{[%clk 0:10:35]} a5 {[%clk 0:17:10]} 38. bxa5 {[%clk 0:08:20]} Nc5
{[%clk 0:15:58]} 39. f4 {[%clk 0:06:59]} e4 {[%clk 0:13:40]} 40. Nf1
{[%clk 0:35:47]} Nb3 {[%clk 0:34:43]} 41. Ng3 {[%clk 0:35:14]} Ke6
{[%clk 0:35:08]} 42. Nf1 {[%clk 0:28:12]} Nxa5 {[%clk 0:33:26]} 43. Nd2
{[%clk 0:19:25]} Kd6 {[%clk 0:29:50]} 44. Kd4 {[%clk 0:16:54]} Nc6+
{[%clk 0:29:29]} 45. Kc3 {[%clk 0:17:15]} b6 {[%clk 0:25:03]} 46. Nb3
{[%clk 0:15:13]} Ne7 {[%clk 0:21:30]} 47. Kd4 {[%clk 0:14:35]} Nc6+
{[%clk 0:17:57]} 48. Kc3 {[%clk 0:15:00]} Kc7 {[%clk 0:17:17]} 49. c5
{[%clk 0:15:20]} Kb7 {[%clk 0:16:40]} 50. cxb6 {[%clk 0:15:44]} Kxb6
{[%clk 0:17:03]} 51. Kd2 {[%clk 0:13:22]} Ne7 {[%clk 0:16:28]} 52. a5+
{[%clk 0:10:54]} Kb5 {[%clk 0:16:27]} 53. Nd4+ {[%clk 0:07:24]} Kxa5
{[%clk 0:16:18]} 54. Ke3 {[%clk 0:07:48]} Nd5+ {[%clk 0:16:36]} 55. Kd2
{[%clk 0:07:22]} Nxf4 {[%clk 0:16:47]} 56. Nxf5 {[%clk 0:07:47]} e3+
{[%clk 0:17:13]} 57. Kxe3 {[%clk 0:08:10]} 1/2-1/2

[Event "13e open internationnal de Sautron"]
[Site "Sautron"]
[Date "2013.10.30"]
[Round "6.5"]
[White "Ider, Borya"]
[Black "Riff, Jean-Noel"]
[Result "1/2-1/2"]
[LiveChessVersion "1.4.2"]
[BlackElo "2445"]
[WhiteElo "2377"]

1. d4 {[%clk 1:30:56]} Nf6 {[%clk 1:30:51]} 2. Nf3 {[%clk 1:31:22]} e6
{[%clk 1:31:13]} 3. g3 {[%clk 1:31:45]} d5 {[%clk 1:31:32]} 4. c4
{[%clk 1:32:09]} Bb4+ {[%clk 1:31:58]} 5. Bd2 {[%clk 1:32:30]} Be7
{[%clk 1:32:23]} 6. Bg2 {[%clk 1:31:53]} O-O {[%clk 1:32:47]} 7. O-O
{[%clk 1:29:32]} c6 {[%clk 1:32:46]} 8. Qb3 {[%clk 1:28:19]} Nbd7
{[%clk 1:32:59]} 9. Bb4 {[%clk 1:28:18]} Bxb4 {[%clk 1:33:24]} 10. Qxb4
{[%clk 1:28:43]} a5 {[%clk 1:33:52]} 11. Qc3 {[%clk 1:28:54]} b5 {[%clk 1:32:28]}
12. c5 {[%clk 1:27:21]} b4 {[%clk 1:32:44]} 13. Qc2 {[%clk 1:27:22]} Ba6
{[%clk 1:33:03]} 14. Re1 {[%clk 1:26:36]} Ne4 {[%clk 1:20:25]} 15. Nbd2
{[%clk 1:20:35]} f5 {[%clk 1:20:15]} 16. Ne5 {[%clk 1:20:45]} Nxe5
{[%clk 1:18:49]} 17. dxe5 {[%clk 1:21:09]} Nxd2 {[%clk 1:13:50]} 18. Qxd2
{[%clk 1:21:02]} Qb8 {[%clk 1:11:30]} 19. Qd4 {[%clk 1:21:20]} Qb5
{[%clk 1:11:52]} 20. Rac1 {[%clk 1:13:30]} Ra7 {[%clk 1:10:55]} 21. f4
{[%clk 1:12:01]} Qa4 {[%clk 1:07:16]} 22. Ra1 {[%clk 1:12:11]} Qb5
{[%clk 1:07:38]} 23. Kf2 {[%clk 1:08:16]} Qc4 {[%clk 1:06:41]} 24. Ke3
{[%clk 1:08:25]} Rb8 {[%clk 1:06:03]} 25. Qxc4 {[%clk 1:08:28]} Bxc4
{[%clk 1:06:30]} 26. Kd4 {[%clk 1:08:50]} a4 {[%clk 1:06:51]} 27. e4
{[%clk 1:03:13]} fxe4 {[%clk 1:06:44]} 28. Bxe4 {[%clk 1:03:38]} Bxa2
{[%clk 1:07:07]} 29. Rxa2 {[%clk 1:03:58]} dxe4 {[%clk 1:07:32]} 30. Rea1
{[%clk 1:04:04]} Rba8 {[%clk 1:04:19]} 31. Kxe4 {[%clk 1:03:02]} Ra5
{[%clk 0:57:10]} 32. Kd4 {[%clk 1:03:06]} a3 {[%clk 0:56:22]} 33. bxa3
{[%clk 1:00:51]} bxa3 {[%clk 0:56:22]} 34. Kc4 {[%clk 1:01:14]} Ra4+
{[%clk 0:55:11]} 35. Kb3 {[%clk 1:00:53]} Re4 {[%clk 0:55:03]} 36. Rxa3
{[%clk 0:57:01]} Re3+ {[%clk 0:54:59]} 37. Kb2 {[%clk 0:57:21]} Re2+
{[%clk 0:55:25]} 38. Kb3 {[%clk 0:57:48]} Re3+ {[%clk 0:55:42]} 39. Kb2
{[%clk 0:58:14]} Re2+ {[%clk 0:56:08]} 40. Kb3 {[%clk 1:28:39]} 1/2-1/2

[Event "13e open internationnal de Sautron"]
[Site "Sautron"]
[Date "2013.10.30"]
[Round "6.6"]
[White "Roiz, Michael"]
[Black "Coiffait, Pierre-Basile"]
[Result "1-0"]
[LiveChessVersion "1.4.2"]
[BlackElo "1970"]
[WhiteElo "2614"]

1. d4 {[%clk 1:30:56]} Nf6 {[%clk 1:30:54]} 2. Nf3 {[%clk 1:30:29]} e6
{[%clk 1:31:15]} 3. g3 {[%clk 1:30:25]} b6 {[%clk 1:31:03]} 4. Bg2
{[%clk 1:30:13]} Bb7 {[%clk 1:30:51]} 5. c4 {[%clk 1:30:36]} Be7 {[%clk 1:31:14]}
6. Nc3 {[%clk 1:30:07]} Ne4 {[%clk 1:29:46]} 7. Bd2 {[%clk 1:28:55]} O-O
{[%clk 1:27:18]} 8. d5 {[%clk 1:27:41]} Nxc3 {[%clk 1:21:04]} 9. Bxc3
{[%clk 1:27:29]} d6 {[%clk 1:20:16]} 10. Nd4 {[%clk 1:15:57]} e5 {[%clk 1:15:44]}
11. Nf5 {[%clk 1:15:32]} Bf6 {[%clk 1:14:53]} 12. e4 {[%clk 1:14:59]} g6
{[%clk 1:10:09]} 13. Ne3 {[%clk 1:13:39]} Bg7 {[%clk 1:07:45]} 14. O-O
{[%clk 1:05:22]} Nd7 {[%clk 1:04:12]} 15. b4 {[%clk 1:04:38]} Ba6
{[%clk 0:56:50]} 16. Qc2 {[%clk 1:01:18]} Bh6 {[%clk 0:53:13]} 17. Bd2
{[%clk 0:59:00]} Bc8 {[%clk 0:36:00]} 18. Rfd1 {[%clk 0:56:44]} Nf6
{[%clk 0:31:00]} 19. c5 {[%clk 0:51:38]} Ng4 {[%clk 0:27:01]} 20. Nxg4
{[%clk 0:50:43]} Bxd2 {[%clk 0:26:15]} 21. Nxe5 {[%clk 0:50:37]} dxe5
{[%clk 0:24:44]} 22. Qxd2 {[%clk 0:50:14]} Qf6 {[%clk 0:23:25]} 23. Rac1
{[%clk 0:48:45]} Rd8 {[%clk 0:21:59]} 24. Qc3 {[%clk 0:48:16]} Kg7
{[%clk 0:19:00]} 25. Rd2 {[%clk 0:46:19]} Ba6 {[%clk 0:18:08]} 26. a4
{[%clk 0:44:36]} b5 {[%clk 0:16:23]} 27. Bf1 {[%clk 0:42:35]} Rdb8
{[%clk 0:14:11]} 28. d6 {[%clk 0:38:06]} c6 {[%clk 0:12:10]} 29. d7
{[%clk 0:36:48]} Qe7 {[%clk 0:11:45]} 30. Rd6 {[%clk 0:36:59]} 1-0

[Event "13e open internationnal de Sautron"]
[Site "Sautron"]
[Date "2013.10.30"]
[Round "6.8"]
[White "Migot, Tangi"]
[Black "Bailet, Pierre"]
[Result "1/2-1/2"]
[LiveChessVersion "1.4.2"]
[BlackElo "2474"]
[WhiteElo "2354"]

1. e4 {[%clk 1:30:13]} c5 {[%clk 1:30:38]} 2. Nf3 {[%clk 1:30:26]} Nc6
{[%clk 1:30:42]} 3. d4 {[%clk 1:29:47]} cxd4 {[%clk 1:30:54]} 4. Nxd4
{[%clk 1:30:13]} Nf6 {[%clk 1:31:10]} 5. Nc3 {[%clk 1:30:36]} d6 {[%clk 1:31:15]}
6. Be2 {[%clk 1:27:58]} Nxd4 {[%clk 1:28:01]} 7. Qxd4 {[%clk 1:28:19]} g6
{[%clk 1:28:13]} 8. g4 {[%clk 1:17:37]} h6 {[%clk 1:24:35]} 9. Be3
{[%clk 1:06:03]} Bg7 {[%clk 1:21:50]} 10. Rg1 {[%clk 1:05:38]} Be6
{[%clk 1:14:47]} 11. f4 {[%clk 1:00:04]} O-O {[%clk 0:58:01]} 12. Qd2
{[%clk 0:59:50]} b5 {[%clk 0:55:33]} 13. Bxb5 {[%clk 0:49:43]} Rc8
{[%clk 0:52:37]} 14. f5 {[%clk 0:43:58]} Rxc3 {[%clk 0:48:13]} 15. Qxc3
{[%clk 0:42:19]} Nd5 {[%clk 0:46:34]} 16. Qb3 {[%clk 0:34:48]} Nxe3
{[%clk 0:45:24]} 17. fxe6 {[%clk 0:34:26]} Nxc2+ {[%clk 0:31:08]} 18. Qxc2
{[%clk 0:31:51]} Qa5+ {[%clk 0:31:26]} 19. Kf1 {[%clk 0:28:19]} Qxb5+
{[%clk 0:26:33]} 20. Kg2 {[%clk 0:28:42]} fxe6 {[%clk 0:26:28]} 21. Rgf1
{[%clk 0:27:42]} Rb8 {[%clk 0:25:19]} 22. Rf2 {[%clk 0:24:26]} Bd4
{[%clk 0:23:49]} 23. Rd2 {[%clk 0:23:41]} Qe5 {[%clk 0:16:09]} 24. Rf1
{[%clk 0:22:26]} Kg7 {[%clk 0:16:25]} 25. b3 {[%clk 0:19:11]} Bc5
{[%clk 0:10:13]} 26. Qb2 {[%clk 0:14:42]} Qxb2 {[%clk 0:10:38]} 27. Rxb2
{[%clk 0:15:08]} Rb4 {[%clk 0:10:53]} 1/2-1/2

[Event "13e open internationnal de Sautron"]
[Site "Sautron"]
[Date "2013.10.30"]
[Round "6.11"]
[White "Munkhbayar, Janjaadorj"]
[Black "Haub, Thorsten Michael"]
[Result "0-1"]
[LiveChessVersion "1.4.2"]
[BlackElo "2455"]
[WhiteElo "2009"]

1. d4 {[%clk 1:29:52]} g6 {[%clk 1:30:55]} 2. c4 {[%clk 1:30:16]} Bg7
{[%clk 1:31:21]} 3. Nc3 {[%clk 1:30:39]} d6 {[%clk 1:31:47]} 4. e4
{[%clk 1:31:05]} Nc6 {[%clk 1:32:14]} 5. Be3 {[%clk 1:30:33]} e5 {[%clk 1:32:36]}
6. Nge2 {[%clk 1:30:28]} Nf6 {[%clk 1:30:24]} 7. f3 {[%clk 1:30:12]} O-O
{[%clk 1:30:11]} 8. Qd2 {[%clk 1:30:13]} a6 {[%clk 1:30:20]} 9. d5
{[%clk 1:28:46]} Ne7 {[%clk 1:29:31]} 10. g4 {[%clk 1:27:33]} c6 {[%clk 1:18:48]}
11. Ng3 {[%clk 1:25:53]} b5 {[%clk 1:17:33]} 12. h4 {[%clk 1:24:09]} bxc4
{[%clk 1:17:17]} 13. h5 {[%clk 1:21:17]} cxd5 {[%clk 1:16:57]} 14. exd5
{[%clk 1:21:21]} Rb8 {[%clk 1:08:30]} 15. Bxc4 {[%clk 1:11:27]} Qc7
{[%clk 1:03:42]} 16. Bb3 {[%clk 1:11:04]} Qa5 {[%clk 1:03:00]} 17. Bh6
{[%clk 1:09:29]} Rxb3 {[%clk 1:02:22]} 18. Bxg7 {[%clk 1:09:24]} Kxg7
{[%clk 1:02:34]} 19. hxg6 {[%clk 1:08:14]} fxg6 {[%clk 1:02:48]} 20. Qh6+
{[%clk 1:04:11]} Kf7 {[%clk 1:02:19]} 21. g5 {[%clk 1:02:15]} Rxc3
{[%clk 0:56:27]} 22. bxc3 {[%clk 1:02:02]} Qxc3+ {[%clk 0:56:50]} 23. Ke2
{[%clk 1:02:10]} Nfxd5 {[%clk 0:56:29]} 24. Qh2 {[%clk 0:52:49]} Qb2+
{[%clk 0:55:56]} 25. Kd3 {[%clk 0:53:07]} Nf4+ {[%clk 0:56:16]} 26. Ke3
{[%clk 0:53:15]} Qd4# 27. Kxd4 0-1

[Event "13e open internationnal de Sautron"]
[Site "Sautron"]
[Date "2013.10.31"]
[Round "7.2"]
[White "Ider, Borya"]
[Black "Roiz, Michael"]
[Result "0-1"]
[LiveChessVersion "1.4.2"]
[BlackElo "2614"]
[WhiteElo "2377"]

1. d4 {[%clk 1:30:06]} g6 {[%clk 1:30:09]} 2. g3 {[%clk 1:30:06]} Bg7
{[%clk 1:29:45]} 3. Bg2 {[%clk 1:30:30]} d5 {[%clk 1:23:45]} 4. Nf3
{[%clk 1:29:55]} c6 {[%clk 1:23:38]} 5. O-O {[%clk 1:30:15]} Nf6 {[%clk 1:23:58]}
6. c4 {[%clk 1:30:39]} O-O {[%clk 1:24:12]} 7. Qb3 {[%clk 1:30:54]} dxc4
{[%clk 1:24:30]} 8. Qxc4 {[%clk 1:31:14]} Bf5 {[%clk 1:24:57]} 9. Rd1
{[%clk 1:25:50]} Nbd7 {[%clk 1:24:37]} 10. e3 {[%clk 1:23:43]} e5
{[%clk 1:19:48]} 11. Nc3 {[%clk 1:12:24]} e4 {[%clk 1:15:58]} 12. Nd2
{[%clk 1:11:22]} Nb6 {[%clk 1:06:35]} 13. Qf1 {[%clk 1:10:42]} Re8
{[%clk 1:06:17]} 14. h3 {[%clk 1:07:53]} h5 {[%clk 1:05:41]} 15. b3
{[%clk 1:06:16]} Nbd5 {[%clk 1:03:12]} 16. Nxd5 {[%clk 1:03:35]} cxd5
{[%clk 1:02:03]} 17. Qb5 {[%clk 0:57:15]} Qc8 {[%clk 0:55:11]} 18. Ba3
{[%clk 0:42:44]} a6 {[%clk 0:52:53]} 19. Qf1 {[%clk 0:43:08]} Qd7
{[%clk 0:52:05]} 20. Rac1 {[%clk 0:43:02]} Nh7 {[%clk 0:51:41]} 21. Rc2
{[%clk 0:38:20]} Rac8 {[%clk 0:44:39]} 22. Rxc8 {[%clk 0:34:34]} Rxc8
{[%clk 0:44:24]} 23. Rc1 {[%clk 0:32:18]} Re8 {[%clk 0:38:08]} 24. Rc3
{[%clk 0:31:22]} Bf6 {[%clk 0:37:43]} 25. b4 {[%clk 0:29:20]} Be7
{[%clk 0:25:51]} 26. b5 {[%clk 0:23:54]} Bxa3 {[%clk 0:25:14]} 27. Rxa3
{[%clk 0:24:19]} axb5 {[%clk 0:25:22]} 28. Rb3 {[%clk 0:24:42]} Ra8
{[%clk 0:24:37]} 29. Qxb5 {[%clk 0:22:21]} Rxa2 {[%clk 0:21:40]} 30. Nb1
{[%clk 0:11:23]} Bxh3 {[%clk 0:10:33]} 31. Qxd7 {[%clk 0:03:25]} Bxd7
{[%clk 0:10:31]} 32. Rxb7 {[%clk 0:03:51]} Be6 {[%clk 0:09:54]} 33. Nc3
{[%clk 0:03:27]} Ra3 {[%clk 0:08:11]} 34. Ne2 {[%clk 0:01:38]} Ra1+
{[%clk 0:07:40]} 35. Kh2 {[%clk 0:01:59]} g5 {[%clk 0:04:22]} 36. Rb2
{[%clk 0:00:59]} Nf6 {[%clk 0:04:08]} 37. Bh3 {[%clk 0:01:22]} Ng4+
{[%clk 0:02:21]} 38. Kg2 {[%clk 0:01:47]} Ra3 {[%clk 0:02:42]} 39. Nc1
{[%clk 0:01:07]} Kg7 {[%clk 0:01:30]} 40. Nb3 {[%clk 0:31:24]} Nxf2
{[%clk 0:31:07]} 0-1

[Event "13e open internationnal de Sautron"]
[Site "Sautron"]
[Date "2013.10.31"]
[Round "7.4"]
[White "Lejarre, Ludovic"]
[Black "Drasko, Milan"]
[Result "1/2-1/2"]
[LiveChessVersion "1.4.2"]
[BlackElo "2451"]
[WhiteElo "2371"]

1. e4 {[%clk 1:30:54]} e6 {[%clk 1:30:47]} 2. d3 {[%clk 1:30:34]} d5
{[%clk 1:30:57]} 3. Nd2 {[%clk 1:30:40]} Nf6 {[%clk 1:31:12]} 4. Ngf3
{[%clk 1:30:42]} b6 {[%clk 1:30:29]} 5. c3 {[%clk 1:30:30]} Be7 {[%clk 1:28:04]}
6. Qa4+ {[%clk 1:27:17]} Nfd7 {[%clk 1:23:47]} 7. d4 {[%clk 1:16:43]} O-O
{[%clk 1:19:56]} 8. Bd3 {[%clk 1:13:47]} a5 {[%clk 1:03:21]} 9. O-O
{[%clk 1:06:10]} Ba6 {[%clk 1:00:35]} 10. Bxa6 {[%clk 1:05:45]} Rxa6
{[%clk 0:55:34]} 11. Re1 {[%clk 1:03:24]} Re8 {[%clk 0:51:40]} 12. exd5
{[%clk 0:58:26]} exd5 {[%clk 0:51:14]} 13. Nf1 {[%clk 0:58:45]} Nf8
{[%clk 0:39:11]} 14. Bf4 {[%clk 0:52:14]} Ne6 {[%clk 0:38:19]} 15. Bg3
{[%clk 0:52:03]} Qd7 {[%clk 0:33:36]} 16. Qc2 {[%clk 0:48:11]} Nc6
{[%clk 0:27:44]} 17. Ne3 {[%clk 0:45:19]} Raa8 {[%clk 0:27:32]} 18. Ng4
{[%clk 0:38:29]} Bd6 {[%clk 0:25:03]} 19. Qf5 {[%clk 0:30:46]} Bxg3
{[%clk 0:21:33]} 20. hxg3 {[%clk 0:30:29]} Nf8 {[%clk 0:21:25]} 21. Qg5
{[%clk 0:23:35]} Ng6 {[%clk 0:17:45]} 22. Re3 {[%clk 0:15:55]} Rxe3
{[%clk 0:15:35]} 23. Nxe3 {[%clk 0:16:18]} Nce7 {[%clk 0:15:04]} 24. Re1
{[%clk 0:14:27]} f6 {[%clk 0:13:52]} 25. Qh5 {[%clk 0:14:44]} Rf8 1/2-1/2